000 00409nam a2200181Ia 4500
001 15946
005 20260306170233.0
008 260306t2006||||xx |||||||||||||| ||und||
041 _aESP
082 _a620.82
_bW27
100 _aWarr, Peter
_eAUT
245 0 _aErgonomía aplicada
260 _c2006
300 _a374 páginas :
_c23 cm.
650 _aGEN
654 _aCII
942 _cLIB
_dJUS
_fJUS
_2ddc
_n
999 _c15946
_d15946